<?xml version="1.0" encoding="UTF-8"?>
<record
    xmlns:xsi="http://www.w3.org/2001/XMLSchema-instance"
    xsi:schemaLocation="http://www.loc.gov/MARC21/slim http://www.loc.gov/standards/marcxml/schema/MARC21slim.xsd"
    xmlns="http://www.loc.gov/MARC21/slim">

  <leader>00528nam a22001577a 4500</leader>
  <controlfield tag="005">20260302121358.0</controlfield>
  <controlfield tag="008">260302b        |||||||| |||| 00| 0 eng d</controlfield>
  <datafield tag="020" ind1=" " ind2=" ">
    <subfield code="a">978-93-80287-30-0</subfield>
  </datafield>
  <datafield tag="041" ind1=" " ind2=" ">
    <subfield code="a">Mar.</subfield>
  </datafield>
  <datafield tag="100" ind1=" " ind2=" ">
    <subfield code="a">&#x906;&#x917;&#x932;&#x93E;&#x935;&#x947;, &#x92A;&#x94D;&#x930;&#x926;&#x940;&#x92A; &#x906;&#x923;&#x93F; &#x92D;&#x917;&#x924;, &#x930;&#x93E;&#x939;&#x941;&#x932; </subfield>
    <subfield code="9">216803</subfield>
  </datafield>
  <datafield tag="245" ind1=" " ind2=" ">
    <subfield code="a">&#x938;&#x92E;&#x93E;&#x91C;&#x936;&#x93E;&#x938;&#x94D;&#x930;&#x93E;&#x91A;&#x940; &#x924;&#x924;&#x94D;&#x935;&#x947; &#x906;&#x923;&#x93F; &#x92D;&#x93E;&#x930;&#x924;&#x940;&#x92F; &#x938;&#x93E;&#x92E;&#x93E;&#x91C;&#x93F;&#x915; &#x938;&#x902;&#x938;&#x94D;&#x925;&#x93E;</subfield>
  </datafield>
  <datafield tag="250" ind1=" " ind2=" ">
    <subfield code="a">1st ed. </subfield>
  </datafield>
  <datafield tag="260" ind1=" " ind2=" ">
    <subfield code="a">Pune</subfield>
    <subfield code="b">Diamond</subfield>
  </datafield>
  <datafield tag="300" ind1=" " ind2=" ">
    <subfield code="a">183</subfield>
  </datafield>
  <datafield tag="942" ind1=" " ind2=" ">
    <subfield code="c">BK</subfield>
  </datafield>
  <datafield tag="999" ind1=" " ind2=" ">
    <subfield code="c">370540</subfield>
    <subfield code="d">370540</subfield>
  </datafield>
  <datafield tag="952" ind1=" " ind2=" ">
    <subfield code="0">0</subfield>
    <subfield code="1">0</subfield>
    <subfield code="2">ddc</subfield>
    <subfield code="4">0</subfield>
    <subfield code="7">0</subfield>
    <subfield code="a">SSMM</subfield>
    <subfield code="b">SSMM</subfield>
    <subfield code="d">2026-03-02</subfield>
    <subfield code="e">Diamand</subfield>
    <subfield code="g">350.00</subfield>
    <subfield code="i">2339</subfield>
    <subfield code="l">0</subfield>
    <subfield code="p">SSMM-BK-33903</subfield>
    <subfield code="r">2026-03-02 12:15:00</subfield>
    <subfield code="w">2026-03-02</subfield>
    <subfield code="y">BK</subfield>
    <subfield code="z">010033903</subfield>
  </datafield>
</record>
